Γνωστική Ψυχολογία (Record no. 8252)
[ view plain ]
| 000 -LEADER | |
|---|---|
| fixed length control field | 02221cam a22002174a 4500 |
| 005 - ΗΜΕΡΟΜΗΝΙΑ ΚΑΙ ΩΡΑ ΤΕΛΕΥΤΑΙΑΣ ΕΝΗΜΕΡΩΣΗΣ | |
| Πεδίο ελέγχου | 20250605164331.0 |
| 008 - FIXED-LENGTH DATA ELEMENTS--GENERAL INFORMATION | |
| Πεδίο ελέγχου σταθερού μήκους | 250528s ||||||||||||||||||||||||d |
| 035 ## - SYSTEM CONTROL NUMBER | |
| System control number | 23223 |
| 020 ## - ISBN | |
| ISBN | 9789604590285 |
| 040 ## - ΠΗΓΗ ΚΑΤΑΛΟΓΟΓΡΑΦΗΣΗΣ | |
| Φορέας πρωτότυπης καταλογογράφησης | MC Athens Campus Library |
| Γλώσσα καταλογογράφησης | Ελληνικά, Μοντέρνα (1453-) |
| Modifying agency | MC Athens Campus Library |
| Κανόνες περιγραφικής καταλογογράφησης | AACR2 |
| 245 1# - ΤΙΤΛΟΣ ΚΑΙ ΔΗΛΩΣΗ ΥΠΕΥΘΥΝΟΤΗΤΑΣ | |
| Τίτλος | Γνωστική Ψυχολογία |
| 260 ## - PUBLICATION, DISTRIBUTION, ETC. | |
| Name of publisher, distributor, etc. | Ατραπός, |
| Date of publication, distribution, etc. | 2007 |
| 300 ## - PHYSICAL DESCRIPTION | |
| Extent | 832 |
| 520 ## - SUMMARY, ETC. | |
| Summary, etc. | Ο συγγραφέας αυτού του βιβλίου μιλάει με εξαιρετική σαφήνεια και με ιδιαίτερα προσιτό τρόπο για τη φύση της Γνωστικής Ψυχολογίας, την προσοχή και τη συνείδηση, την αντίληψη, τη μνήμη, την αναπαράσταση της γνώσης, τη γλώσσα, τη λύση προβλημάτων και τη δημιουργικότητα, τη λήψη αποφάσεων και τη λογική σκέψη, τη γνωστική ανάπτυξη και τη νοημοσύνη. Εισαγωγή στη Γνωστική Ψυχολογία, Γνωστική Νευροεπιστήμη, Προσοχή και Συνείδηση, Η Αντίληψη, Η Μνήμη: Μοντέλα Μνήμης και Ερευνητικές Μέθοδοι, Οι Μνημονικές Διαδικασίες, Η Αναπαράσταση της Γνώσης: Νοητικές Εικόνες και Προτασιακές Μονάδες, Η Αναπαράσταση και η Οργάνωση της Γνώσης, Η Φύση και η Κατάκτηση της Γλώσσας, Το Γνωστικό και Κοινωνικό και Φυσιολογικό Πλαίσιο της Χρήσης της Γλώσσας, Λύση Προβλημάτων και Δημιουργικότητα, Λήψη Αποφάσεων και Λογική Σκέψη, Γνωστική Ανάπτυξη, Ανθρώπινη και Τεχνητή Νοημοσύνη, Γλωσσάρι, Βιβλιογραφία, Ευρετήριο Ονομάτων και Όρων. |
| 700 1# - ΠΡΟΣΘΕΤΗ ΑΝΑΓΡΑΦΗ--ΦΥΣΙΚΟ ΠΡΟΣΩΠΟ | |
| Personal name | Stenberg Robert J |
| 9 (RLIN) | 254 |
| 700 1# - ΠΡΟΣΘΕΤΗ ΑΝΑΓΡΑΦΗ--ΦΥΣΙΚΟ ΠΡΟΣΩΠΟ | |
| Personal name | Καΐλα Μαρία |
| 9 (RLIN) | 8177 |
| 700 1# - ΠΡΟΣΘΕΤΗ ΑΝΑΓΡΑΦΗ--ΦΥΣΙΚΟ ΠΡΟΣΩΠΟ | |
| Personal name | Ξανθάκου Γίωτα |
| 9 (RLIN) | 8178 |
| 942 ## - ADDED ENTRY ELEMENTS (KOHA) | |
| Koha item type | Books |
| Τύπος τεκμηρίου | Βιβλιοθήκη | Τρέχουσα τοποθεσία | Barcode | Αριθμός εισαγωγής | Ημερομηνία απόκτησης | Ταξιθετικό σύμβολο | Αριθμός αντιτύπου | Κατάσταση απόσυρσης | Κατάσταση χαμένου | Κατάσταση κατεστραμμένου | Μη δανεισμός | Σύνολο δανεισμών | Σύνολο ανανεώσεων | Ημερομηνία τελευταίας εμφάνισης | Χρονολογία τελευταίου δανεισμού | Η τιμή ισχύει από |
|---|---|---|---|---|---|---|---|---|---|---|---|---|---|---|---|---|
| Books | MC Athens Campus Library | MC Athens Campus Library | 9780000082510 | 7514 | 05/06/2025 | 153 STE | 1 | 2 | 2 | 02/02/2026 | 10/11/2025 | 05/06/2025 |